| 000 | 00802nam a2200265Ia 4500 | ||
|---|---|---|---|
| 003 | OSt | ||
| 005 | 20220918170510.0 | ||
| 006 | a|||||r|||| 00| 0 | ||
| 007 | ta | ||
| 008 | 220917b |||||||| |||| 00| 0 eng d | ||
| 020 |
_a9780262016797 (hbk) _c2335.80 |
||
| 024 | _a286,298 | ||
| 037 |
_bI-2041, 27/03/2015, Aakar Books _cTextual |
||
| 040 |
_aARTS _cARTS _beng |
||
| 041 |
_2eng _aeng |
||
| 082 | _aS:(G:66), Q2 | ||
| 100 |
_aSterelny Kim _929372 |
||
| 245 | 0 |
_aEvolved apprentice _b How evolution made humans unique |
|
| 260 |
_aCambirdge _bThe MIT Press UK _c2012 |
||
| 300 |
_axvi, 242p. _ccm. |
||
| 490 | _aThe jean nicod lectures | ||
| 650 | _aPSYCHOLOGY | ||
| 942 |
_hS:(G:66), Q2 _cTEXL _2CC |
||
| 999 |
_c134386 _d134386 |
||